Změny role podpory prodeje v integrované marketingové komunikaci

Reklama ponúka dôvod prečo nakupovať, podpora predaja je podnetom k nákupu. Ide o vzťah informovanosti a výzvy k akcii. Kotler do týchto aktivít zahrňuje: podporu predaja spotrebiteľom, podporu predaja obchodníkom, podporu predaja pre predávajúcich a predajné sily. Vzťah medzi reklamou a podporou pr...

Ausführliche Beschreibung

Gespeichert in:
Bibliographische Detailangaben
1. Verfasser: Pavlů, Dušan
Format: Buchkapitel
Sprache:Tschechisch
Schlagworte:
Tags: Tag hinzufügen
Keine Tags, Fügen Sie das erste Tag hinzu!

MARC

LEADER 00000naa$a2200000$$$4500
001 0034986
005 20231114075228.4
041 0 |a cze 
044 |a CZ 
245 1 0 |a Změny role podpory prodeje v integrované marketingové komunikaci  |c Dušan Pavlů 
520 |a Reklama ponúka dôvod prečo nakupovať, podpora predaja je podnetom k nákupu. Ide o vzťah informovanosti a výzvy k akcii. Kotler do týchto aktivít zahrňuje: podporu predaja spotrebiteľom, podporu predaja obchodníkom, podporu predaja pre predávajúcich a predajné sily. Vzťah medzi reklamou a podporou predaja. POP (Point of Purchase) - komunikačný nástroj marketingu s jedinečnou účinnosťou, pretože uvádza posolstvo značky v pravý okamžik - keď je spotrebiteľ v obchode a aktívne sa angažuje v procese nákupu výrobkov. Typológia nákupu. Význam in store komunikácie. 
610 2 0 |a podpora predaja 
610 2 0 |a komunikácia marketingová 
610 2 0 |a nákup 
610 2 0 |a typológia 
100 1 |a Pavlů, Dušan